000 00251nam a22001097a 4500
082 _a355.02 OBA'S
100 _aO' BALLANCE EDGAR
_946378
245 _aTHE SINAI COMPAIGN 1956
260 _aLONDON
_bFABER & FABER
_c1959
300 _a223P
942 _cBK
999 _c581065
_d581065